[Event "SV Kamen 1 - SG Niederkassel 1"]
[Site "NRW-Klasse, Gruppe 1 2014/201"]
[Date "2015.03.01"]
[Round "7.5"]
[White "Schienmann, Bruno"]
[Black "Georg, Heinz"]
[Result "1/2-1/2"]
[WhiteElo "2204"]
[BlackElo "2167"]
[PlyCount "119"]
[EventDate "2015.??.??"]
[WhiteTeam "SG Niederkassel 1"]
[BlackTeam "SV Kamen 1"]

1. d4 f5 2. Nc3 d5 3. Nf3 Nf6 4. Bf4 e6 5. e3 Bd6 6. Bd3 O-O 7. Ne2 Ne4 8. Bxe4
fxe4 9. Ne5 Nc6 10. Nxc6 bxc6 11. O-O Ba6 12. f3 Bxe2 13. Qxe2 Bxf4 14. exf4
Rxf4 15. g3 Qg5 16. Qe3 Raf8 17. Kh1 R4f5 18. Qxg5 Rxg5 19. fxe4 Rg4 20. Rxf8+
Kxf8 21. exd5 Rxd4 22. dxe6 Ke7 23. Rf1 Kxe6 24. Rf2 Rd1+ 25. Kg2 Ra1 26. a3
Ra2 27. Re2+ Kd6 28. c4 a5 29. Rd2+ Ke6 30. Kf3 c5 31. Re2+ Kd6 32. Ke4 Ra1 33.
Rd2+ Kc6 34. Rf2 Re1+ 35. Kd3 Re6 36. Rf7 Rh6 37. Rxg7 Rxh2 38. g4 Rxb2 39.
Rxh7 Rb3+ 40. Ke4 Rxa3 41. Rh6+ Kb7 42. Rh1 Rg3 43. Kf4 Rc3 44. g5 Rxc4+ 45.
Kf5 Rc2 46. g6 Rf2+ 47. Kg5 Rg2+ 48. Kh6 Kb6 49. g7 c4 50. Kh7 Kb5 51. g8=Q
Rxg8 52. Kxg8 c3 53. Kf7 Kc4 54. Ke6 a4 55. Ke5 c2 56. Ke4 Kc3 57. Ke3 a3 58.
Rc1 a2 59. Ra1 Kb2 60. Kd2 1/2-1/2

[Event "SV Kamen 1 - SG Niederkassel 1"]
[Site "NRW-Klasse, Gruppe 1 2014/201"]
[Date "2015.03.01"]
[Round "7.6"]
[White "Huckebrink, Chris"]
[Black "Riedel, Holger"]
[Result "1/2-1/2"]
[WhiteElo "2065"]
[BlackElo "2153"]
[Annotator "Hausrath,Daniel"]
[PlyCount "108"]
[EventDate "2015.??.??"]
[WhiteTeam "SV Kamen 1"]
[BlackTeam "SG Niederkassel 1"]

1. d4 e6 2. Nf3 Nf6 3. c4 Bb4+ 4. Bd2 Qe7 5. g3 O-O 6. Bg2 Bxd2+ 7. Qxd2 d6 8.
O-O e5 9. Nc3 c6 10. e4 Bg4 11. Nh4 Na6 12. h3 Be6 13. d5 cxd5 14. Nxd5 Nxd5
15. cxd5 Bd7 16. Rfc1 Rfc8 17. b4 Qd8 18. Bf1 Qb6 19. a3 f6 20. g4 g5 21. Ng2
Rxc1 22. Rxc1 Rc8 23. Rxc8+ Bxc8 24. Bxa6 bxa6 25. Qc3 Bd7 26. Ne3 Kg7 27. Kg2
Kh6 28. Kf3 Kg7 29. Ke2 Kh6 30. Kf3 Kg7 31. a4 Kh6 32. a5 Qb8 33. Nf1 Kg6 34.
Ng3 Qb7 35. Nh5 Qb5 36. Ng3 Qb7 37. Ke3 Kh6 38. Ne2 Kg6 39. Nc1 h5 40. f3 Bb5
41. Kf2 hxg4 $11 42. fxg4 Bd7 43. Ne2 Kh6 44. Ng3 Qb5 45. Qf3 Qxb4 46. Qxf6+
Kh7 47. Qe7+ Kg6 48. Qxd7 Qd4+ 49. Kg2 Qd2+ 50. Kf3 Qd3+ 51. Kf2 Qd4+ 52. Ke2
Qc4+ 53. Ke1 Qc3+ 54. Ke2 Qc4+ 1/2-1/2

[Event "SV Kamen 1 - SG Niederkassel 1"]
[Site "NRW-Klasse, Gruppe 1 2014/201"]
[Date "2015.03.01"]
[Round "7.8"]
[White "Neumann, Carsten"]
[Black "Konzen, Horst"]
[Result "1/2-1/2"]
[WhiteElo "2010"]
[BlackElo "1894"]
[Annotator "Hausrath,Daniel"]
[PlyCount "158"]
[EventDate "2015.??.??"]
[WhiteTeam "SV Kamen 1"]
[BlackTeam "SG Niederkassel 1"]

1. Nf3 c5 2. g3 Nc6 3. Bg2 e5 4. d3 g6 5. O-O Bg7 6. e4 Nge7 7. c3 O-O 8. Be3
d6 9. d4 b6 10. Na3 a6 11. dxc5 dxc5 12. Qc1 Qc7 13. Bh6 f6 14. Bxg7 Kxg7 15.
Re1 Be6 16. Qe3 c4 17. Nc2 Rfd8 18. Qc1 Rd7 19. Ne3 Na5 20. h4 h5 21. Qc2 Rad8
22. Rad1 b5 23. Rxd7 Rxd7 24. Rd1 Qd8 25. Ne1 Rxd1 26. Nxd1 Nb7 27. f3 Nc5 28.
Nf2 Qd7 29. Bf1 a5 30. Qc1 a4 31. Qe3 Qd6 32. Nc2 Bd7 33. Be2 Ne6 34. Nb4 g5
35. hxg5 fxg5 36. Nh3 Kg6 37. Kh2 Kh6 38. Qc1 Kg6 39. Nc2 Ng8 40. Ne3 Ne7 41.
Ng2 Bc6 42. Qe3 Qc7 $11 43. f4 exf4 44. gxf4 g4 45. Nf2 Kf7 46. Kg1 Qd6 47. f5
Ng7 48. e5 Qd5 49. Nf4 Ngxf5 50. e6+ Kf8 51. Nxd5 Nxe3 52. Nxe3 Kg7 53. Nc2 Nf5
54. Nxg4 hxg4 55. Bxg4 Nd6 56. Kf2 Kf6 57. Ke3 Ke5 58. Nd4 Be8 59. Nf3+ Kd5 60.
Ng5 Ke5 61. Nh7 b4 62. cxb4 a3 63. bxa3 c3 64. Kd3 Bg6+ 65. Kxc3 Bxh7 66. a4
Bg8 67. b5 Bxe6 68. Bxe6 Kxe6 69. Kb4 Kd5 70. a5 Nc8 71. a3 Kd6 72. Kc4 Kc7 73.
Kc5 Kb7 74. b6 Na7 75. a4 Nc8 76. Kb5 Na7+ 77. Kc4 Kc6 78. Kb4 Nc8 79. Kc4
Nxb6+ 1/2-1/2

[Event "SK Münster 2 - LSV Turm Lippstadt 1"]
[Site "NRW-Klasse, Gruppe 1 2014/201"]
[Date "2015.03.01"]
[Round "7.1"]
[White "Matthias, Heiner"]
[Black "Mueschenich, Stefan"]
[Result "1/2-1/2"]
[WhiteElo "2310"]
[BlackElo "2082"]
[PlyCount "36"]
[EventDate "2015.??.??"]
[WhiteTeam "LSV Turm Lippstadt 1"]
[BlackTeam "SK Münster 2"]

1. c4 c5 2. Nc3 Nc6 3. Nf3 e5 4. g3 d6 5. Bg2 g5 6. d3 h6 7. h4 g4 8. Nd2 Bg7
9. Nf1 Nge7 10. Ne3 Be6 11. Ned5 f5 12. Bd2 O-O 13. Rb1 Qd7 14. Nxe7+ Nxe7 15.
b4 Rab8 16. bxc5 dxc5 17. Qa4 Qxa4 18. Nxa4 b6 1/2-1/2

[Event "SK Münster 2 - LSV Turm Lippstadt 1"]
[Site "NRW-Klasse, Gruppe 1 2014/201"]
[Date "2015.03.01"]
[Round "7.2"]
[White "Virnyi, Julius"]
[Black "Wagner, Alexej"]
[Result "0-1"]
[WhiteElo "2043"]
[BlackElo "2206"]
[PlyCount "90"]
[EventDate "2015.??.??"]
[WhiteTeam "SK Münster 2"]
[BlackTeam "LSV Turm Lippstadt 1"]

1. d4 d5 2. c4 dxc4 3. e3 Nf6 4. Bxc4 e6 5. Nf3 a6 6. Bb3 c5 7. O-O b5 8. Qe2
Bb7 9. Rd1 Nbd7 10. Nbd2 Qb8 11. a4 Bd6 12. h3 O-O 13. axb5 axb5 14. Rxa8 Bxa8
15. e4 cxd4 16. Nxd4 Nc5 17. Bc2 b4 18. N4b3 Nxb3 19. Nxb3 Bh2+ 20. Kh1 Rc8 21.
Bd3 Be5 22. Na5 h6 23. Nc4 Bc7 24. b3 Qb7 25. Re1 Rd8 26. Bb2 Nxe4 27. Bxe4
Qxe4 28. Qxe4 Bxe4 29. Kg1 Bc2 30. Be5 Rd7 31. Re3 f6 32. Bxc7 Rxc7 33. Nd2 Kf7
34. Kf1 Rc3 35. Ke2 e5 36. g3 Ke6 37. f4 Rxe3+ 38. Kxe3 Kd5 39. fxe5 fxe5 40.
h4 h5 41. Ke2 Kd4 42. Nf3+ Kc3 43. Nxe5 Bxb3 44. g4 Bc4+ 45. Ke1 b3 0-1

[Event "SK Münster 2 - LSV Turm Lippstadt 1"]
[Site "NRW-Klasse, Gruppe 1 2014/201"]
[Date "2015.03.01"]
[Round "7.3"]
[White "Hecht, Carsten"]
[Black "Kubo, Thomas"]
[Result "1/2-1/2"]
[WhiteElo "2188"]
[BlackElo "1991"]
[PlyCount "62"]
[EventDate "2015.??.??"]
[WhiteTeam "LSV Turm Lippstadt 1"]
[BlackTeam "SK Münster 2"]

1. e4 c6 2. d4 d5 3. Nc3 dxe4 4. Nxe4 Bf5 5. Ng3 Bg6 6. h4 h6 7. Nf3 Nd7 8. h5
Bh7 9. Bd3 Bxd3 10. Qxd3 e6 11. Bd2 Ngf6 12. O-O-O Be7 13. Kb1 O-O 14. Ne4 c5
15. Be3 Qc7 16. dxc5 Nxc5 17. Bxc5 Bxc5 18. Nxf6+ gxf6 19. Qc3 Qe7 20. Nd2 f5
21. g4 Bb4 22. Qe3 Bxd2 23. Rxd2 fxg4 24. Qxh6 f5 25. Qg6+ Kh8 26. Qh6+ Kg8 27.
Rhd1 Qf6 28. Qf4 Rad8 29. Rd7 Rxd7 30. Rxd7 Rd8 31. Rxd8+ Qxd8 1/2-1/2

[Event "SK Münster 2 - LSV Turm Lippstadt 1"]
[Site "NRW-Klasse, Gruppe 1 2014/201"]
[Date "2015.03.01"]
[Round "7.4"]
[White "Neuer, Thomas"]
[Black "Grobbel, Rainer"]
[Result "1/2-1/2"]
[WhiteElo "2043"]
[BlackElo "2120"]
[PlyCount "43"]
[EventDate "2015.??.??"]
[WhiteTeam "SK Münster 2"]
[BlackTeam "LSV Turm Lippstadt 1"]

1. Nf3 c5 2. c4 Nc6 3. g3 g6 4. Bg2 Bg7 5. Nc3 Nf6 6. O-O O-O 7. d3 d6 8. a3 e5
9. Rb1 Bd7 10. b4 Rb8 11. Bg5 h6 12. Bxf6 Qxf6 13. Nd2 Be6 14. Nde4 Qe7 15. Nd5
Bxd5 16. cxd5 Nd4 17. bxc5 dxc5 18. d6 Qd7 19. Nxc5 Qxd6 20. Nxb7 Qxa3 21. e3
Ne6 22. Qb3 1/2-1/2

[Event "SK Münster 2 - LSV Turm Lippstadt 1"]
[Site "NRW-Klasse, Gruppe 1 2014/201"]
[Date "2015.03.01"]
[Round "7.5"]
[White "Chapman, Alan John"]
[Black "Quante, Lennart"]
[Result "1-0"]
[WhiteElo "2003"]
[BlackElo "2016"]
[PlyCount "65"]
[EventDate "2015.??.??"]
[WhiteTeam "LSV Turm Lippstadt 1"]
[BlackTeam "SK Münster 2"]

1. e4 c5 2. Nf3 d6 3. d4 cxd4 4. Nxd4 Nf6 5. Nc3 a6 6. Bc4 e6 7. Bb3 Nbd7 8.
Bg5 Nc5 9. f4 Be7 10. Qf3 Qc7 11. O-O O-O 12. Rad1 Bd7 13. f5 Nxb3 14. axb3 b5
15. Qg3 Kh8 16. Kh1 b4 17. Bxf6 Bxf6 18. Na4 e5 19. Nf3 Bc6 20. Qe1 a5 21. h4
Rad8 22. g4 Qb7 23. Nd2 d5 24. g5 Be7 25. f6 gxf6 26. gxf6 Bd6 27. Qe3 Rg8 28.
Rg1 dxe4 29. Nc4 Bc7 30. Rxd8 Rxd8 31. Kh2 Qc8 32. Qh6 Rg8 33. Rg7 1-0

[Event "SK Münster 2 - LSV Turm Lippstadt 1"]
[Site "NRW-Klasse, Gruppe 1 2014/201"]
[Date "2015.03.01"]
[Round "7.6"]
[White "Holtel, Jasper"]
[Black "Kuckling, Hannah"]
[Result "1/2-1/2"]
[WhiteElo "2003"]
[BlackElo "1994"]
[PlyCount "89"]
[EventDate "2015.??.??"]
[WhiteTeam "SK Münster 2"]
[BlackTeam "LSV Turm Lippstadt 1"]

1. e4 c5 2. d4 cxd4 3. c3 Nf6 4. e5 Nd5 5. Nf3 Nc6 6. Bc4 Nb6 7. Bb3 d5 8. exd6
Qxd6 9. O-O g6 10. Ng5 e6 11. Qf3 Qe7 12. Ne4 f5 13. Ng5 h6 14. Nxe6 Bxe6 15.
Re1 O-O-O 16. Bxe6+ Kb8 17. Bf4+ Ka8 18. Na3 a6 19. c4 Qg7 20. Bd5 g5 21. Bxc6
gxf4 22. Bd5 Nxd5 23. cxd5 Qg4 24. Qxg4 fxg4 25. Nc4 Bc5 26. Re5 b5 27. Na5 Bb6
28. Nc6 Rde8 29. Rae1 Rxe5 30. Rxe5 g3 31. hxg3 fxg3 32. f3 h5 33. Kf1 h4 34.
Nb4 h3 35. gxh3 Rxh3 36. Re6 Kb7 37. d6 Rh1+ 38. Kg2 Rg1+ 39. Kxg1 d3+ 40. Kf1
g2+ 41. Kxg2 d2 42. Re7+ Ka8 43. Re8+ Kb7 44. Re7+ Ka8 45. Re8+ 1/2-1/2

[Event "SK Münster 2 - LSV Turm Lippstadt 1"]
[Site "NRW-Klasse, Gruppe 1 2014/201"]
[Date "2015.03.01"]
[Round "7.7"]
[White "Tran, Duc Cuong"]
[Black "Niermann, Rainer"]
[Result "0-1"]
[WhiteElo "2098"]
[BlackElo "2015"]
[PlyCount "76"]
[EventDate "2015.??.??"]
[WhiteTeam "LSV Turm Lippstadt 1"]
[BlackTeam "SK Münster 2"]

1. d4 Nf6 2. c4 c5 3. d5 e6 4. Nc3 exd5 5. cxd5 d6 6. e4 g6 7. Bd3 Bg7 8. h3
O-O 9. Bg5 Na6 10. Nf3 Re8 11. O-O Rb8 12. Re1 Nc7 13. a4 a6 14. a5 b5 15. axb6
Rxb6 16. Na4 Rb4 17. Bd2 Rb7 18. Ba5 c4 19. Bxc4 Rxe4 20. Bxa6 Ra7 21. Bxc8
Rxa5 22. Rxe4 Nxe4 23. Bb7 Qb8 24. Qe1 Rb5 25. Qxe4 Qxb7 26. Qe7 Bf8 27. Qd8
Nxd5 28. Rc1 Nf4 29. Rc7 Qa6 30. Qd7 Rf5 31. Rc8 Qd3 32. Nh4 Ne2+ 33. Kh2 Rxf2
34. Qg4 Rf4 35. Qg5 Kg7 36. Nf3 Qe3 37. Qd8 Be7 38. Qa5 Rxf3 0-1

[Event "SK Münster 2 - LSV Turm Lippstadt 1"]
[Site "NRW-Klasse, Gruppe 1 2014/201"]
[Date "2015.03.01"]
[Round "7.8"]
[White "Kaufhold, Thomas"]
[Black "Hagenhoff, Georg"]
[Result "1-0"]
[WhiteElo "2005"]
[BlackElo "1705"]
[PlyCount "73"]
[EventDate "2015.??.??"]
[WhiteTeam "SK Münster 2"]
[BlackTeam "LSV Turm Lippstadt 1"]

1. d4 d5 2. Nf3 Nf6 3. c4 e6 4. Nc3 Be7 5. Bg5 b6 6. cxd5 exd5 7. e3 O-O 8. Qc2
h6 9. Bh4 c5 10. Be2 Bb7 11. O-O Nbd7 12. Rac1 Rc8 13. Bd3 Ne4 14. Bg3 Nxg3 15.
hxg3 Nf6 16. Bf5 Rb8 17. Ne5 a6 18. Rfd1 Qd6 19. Nd3 cxd4 20. exd4 g6 21. Bh3
Bc8 22. Qb3 Bxh3 23. gxh3 Rbc8 24. Nf4 Rfd8 25. Na4 Rxc1 26. Rxc1 g5 27. Nd3
Rb8 28. Ne5 b5 29. Nc5 Rc8 30. Rc3 Rc7 31. Qa3 Ne4 32. Nxe4 Qxe5 33. dxe5 Bxa3
34. Rxc7 Bxb2 35. Nf6+ Kg7 36. Nxd5 Bxe5 37. Ra7 1-0

[Event "SC Hansa Dortmund 2 - SG Ennepe-Ruhr-Sü"]
[Site "NRW-Klasse, Gruppe 1 2014/201"]
[Date "2015.03.01"]
[Round "7.1"]
[White "Lupor, Stefan"]
[Black "Tuncer, Ufuk"]
[Result "1/2-1/2"]
[WhiteElo "2219"]
[BlackElo "2336"]
[PlyCount "46"]
[EventDate "2015.??.??"]
[WhiteTeam "SG Ennepe-Ruhr-Süd 1"]
[BlackTeam "SC Hansa Dortmund 2"]

1. e4 c5 2. Nf3 d6 3. Bb5+ Bd7 4. Bxd7+ Qxd7 5. O-O Nc6 6. Qe2 Nf6 7. Rd1 g5 8.
c3 g4 9. Ne1 Qe6 10. d3 d5 11. Bg5 O-O-O 12. Nd2 Rg8 13. Bh4 Bh6 14. Nf1 dxe4
15. Bxf6 exf6 16. dxe4 Rxd1 17. Rxd1 Qxa2 18. Rd5 Bf8 19. Ne3 Ne5 20. Qb5 Nc6
21. Qe2 Ne5 22. Qb5 Nc6 23. Qe2 Ne5 1/2-1/2

[Event "SC Hansa Dortmund 2 - SG Ennepe-Ruhr-Sü"]
[Site "NRW-Klasse, Gruppe 1 2014/201"]
[Date "2015.03.01"]
[Round "7.2"]
[White "Sundorf, Jannik"]
[Black "Tripolsky, Eugen"]
[Result "0-1"]
[WhiteElo "2102"]
[BlackElo "2203"]
[PlyCount "58"]
[EventDate "2015.??.??"]
[WhiteTeam "SC Hansa Dortmund 2"]
[BlackTeam "SG Ennepe-Ruhr-Süd 1"]

1. d4 Nf6 2. c4 g6 3. Nf3 Bg7 4. g3 O-O 5. Nc3 d6 6. Bg2 Nc6 7. O-O a6 8. h3
Rb8 9. Qd3 b5 10. cxb5 axb5 11. Nxb5 Bf5 12. Qc3 Qd7 13. a4 Ne4 14. Qe3 Nb4 15.
Ne1 Nd5 16. Qa3 c6 17. Nc3 Nexc3 18. bxc3 Bxh3 19. a5 Bxg2 20. Kxg2 c5 21. e4
Nc7 22. dxc5 dxc5 23. Bf4 e5 24. Be3 Ne6 25. a6 Nf4+ 26. gxf4 Qg4+ 27. Kh1 exf4
28. Bxc5 f3 29. a7 Be5 0-1

[Event "SC Hansa Dortmund 2 - SG Ennepe-Ruhr-Sü"]
[Site "NRW-Klasse, Gruppe 1 2014/201"]
[Date "2015.03.01"]
[Round "7.3"]
[White "Arndt, Stefan"]
[Black "Berndt, Joachim"]
[Result "1-0"]
[WhiteElo "2124"]
[BlackElo "2069"]
[PlyCount "83"]
[EventDate "2015.??.??"]
[WhiteTeam "SG Ennepe-Ruhr-Süd 1"]
[BlackTeam "SC Hansa Dortmund 2"]

1. e4 g6 2. d4 Bg7 3. Nc3 d6 4. f4 a6 5. a4 Nf6 6. Nf3 c5 7. d5 O-O 8. Be2 e6
9. O-O exd5 10. exd5 b6 11. Nd2 Ra7 12. Nc4 Re7 13. Bf3 h5 14. h3 Ne8 15. Re1
Rxe1+ 16. Qxe1 Bd7 17. Na3 Bd4+ 18. Be3 Qf6 19. Ne4 Qxf4 20. Bxd4 cxd4 21. Nc4
b5 22. axb5 axb5 23. Qd2 Qxd2 24. Ncxd2 Bf5 25. Nb3 Bxe4 26. Bxe4 Nf6 27. Bf3
Nbd7 28. Nxd4 Ne5 29. Nxb5 Nxf3+ 30. gxf3 Rb8 31. c4 Nxd5 32. Nxd6 Ne3 33. Re1
Nc2 34. Re8+ Rxe8 35. Nxe8 Kf8 36. Nc7 Ke7 37. Nd5+ Kd6 38. b4 Ke5 39. Kf2 Kd4
40. b5 Kxc4 41. b6 Nd4 42. Ne7 1-0

[Event "SC Hansa Dortmund 2 - SG Ennepe-Ruhr-Sü"]
[Site "NRW-Klasse, Gruppe 1 2014/201"]
[Date "2015.03.01"]
[Round "7.4"]
[White "Prueske, Wolfgang"]
[Black "Moors, Hans"]
[Result "1-0"]
[WhiteElo "2058"]
[BlackElo "2083"]
[PlyCount "121"]
[EventDate "2015.??.??"]
[WhiteTeam "SC Hansa Dortmund 2"]
[BlackTeam "SG Ennepe-Ruhr-Süd 1"]

1. e4 e5 2. Nf3 Nc6 3. Bc4 Nf6 4. d3 Be7 5. O-O O-O 6. c3 d5 7. exd5 Nxd5 8.
Re1 Bf6 9. Nbd2 Nb6 10. Bb5 Bf5 11. Ne4 Bxe4 12. dxe4 Qxd1 13. Rxd1 Rad8 14.
Be3 Rxd1+ 15. Rxd1 Rd8 16. Rxd8+ Nxd8 17. b3 a6 18. Bd3 Nd7 19. g3 Be7 20. Kf1
Kf8 21. Ke2 f6 22. Ne1 Bc5 23. Bd2 b5 24. Nc2 g6 25. Ne3 c6 26. f4 Bd6 27. Kf3
Nc5 28. Bc2 Nde6 29. b4 Nd7 30. f5 Nd8 31. c4 c5 32. bxc5 Bxc5 33. cxb5 axb5
34. Nd5 Nc6 35. Bd3 Nd4+ 36. Kg2 Kg7 37. Bc3 Nb6 38. Nxb6 Bxb6 39. Bxd4 Bxd4
40. Bxb5 gxf5 41. exf5 e4 42. Bc6 e3 43. Kf3 Kf8 44. Bb5 Bb6 45. Ke4 Ke7 46.
Kd5 Ba5 47. Kc6 h6 48. a4 Bc3 49. Be2 Be1 50. Kb6 Kd6 51. a5 Bc3 52. a6 Ke5 53.
g4 h5 54. h3 Kf4 55. Kb7 Bd4 56. a7 Bxa7 57. Kxa7 h4 58. Kb6 Kg3 59. g5 Kf2 60.
Bg4 fxg5 61. f6 1-0

[Event "SC Hansa Dortmund 2 - SG Ennepe-Ruhr-Sü"]
[Site "NRW-Klasse, Gruppe 1 2014/201"]
[Date "2015.03.01"]
[Round "7.5"]
[White "Bruchmann, Norbert"]
[Black "Linker, Walter"]
[Result "1-0"]
[WhiteElo "2078"]
[BlackElo "2034"]
[PlyCount "63"]
[EventDate "2015.??.??"]
[WhiteTeam "SG Ennepe-Ruhr-Süd 1"]
[BlackTeam "SC Hansa Dortmund 2"]

1. e4 e5 2. Nf3 Nc6 3. Bc4 Be7 4. d4 exd4 5. Nxd4 d6 6. Nc3 Nf6 7. f3 Bd7 8.
Be3 a6 9. a3 O-O 10. Qd2 Rb8 11. O-O Qc8 12. Nce2 Ne5 13. Ba2 c5 14. Nf5 Bxf5
15. exf5 Qxf5 16. Rae1 b5 17. Ng3 Qd7 18. Bf4 Ng6 19. Bg5 Rfe8 20. Rd1 Rbd8 21.
c3 Ne5 22. Rfe1 a5 23. Qf2 c4 24. Rxe5 dxe5 25. Rxd7 Rxd7 26. Bxf6 gxf6 27. h4
Red8 28. Nf5 Bf8 29. Qb6 Rd5 30. Qxf6 Rd2 31. a4 Rc8 32. Qg5+ 1-0

[Event "SC Hansa Dortmund 2 - SG Ennepe-Ruhr-Sü"]
[Site "NRW-Klasse, Gruppe 1 2014/201"]
[Date "2015.03.01"]
[Round "7.7"]
[White "Heller, Achim"]
[Black "Zelt, Jens"]
[Result "1/2-1/2"]
[WhiteElo "1947"]
[BlackElo "2004"]
[PlyCount "73"]
[EventDate "2015.??.??"]
[WhiteTeam "SG Ennepe-Ruhr-Süd 1"]
[BlackTeam "SC Hansa Dortmund 2"]

1. d4 d6 2. c4 c6 3. e4 Nd7 4. f4 g6 5. Nf3 Bg7 6. Bd3 e6 7. O-O Ne7 8. f5 exf5
9. exf5 Nf6 10. Qe2 O-O 11. fxg6 fxg6 12. Bg5 Nf5 13. Nc3 Qa5 14. Qd2 Be6 15.
Rae1 Rae8 16. Bf4 Qd8 17. Ne2 Bc8 18. Ng3 Nxg3 19. Bxg3 Rxe1 20. Rxe1 Nh5 21.
Bh4 Bf6 22. Bxf6 Qxf6 23. Qg5 Nf4 24. Qxf6 Rxf6 25. Re8+ Rf8 26. Rxf8+ Kxf8 27.
Bf1 Ke7 28. Kf2 Kf6 29. Ke3 g5 30. g3 Ng6 31. Bd3 Bf5 32. Be4 Ne7 33. Nd2 h6
34. Bf3 b6 35. Ne4+ Ke6 36. Nc3 Kd7 37. Be4 1/2-1/2

[Event "SC Hansa Dortmund 2 - SG Ennepe-Ruhr-Sü"]
[Site "NRW-Klasse, Gruppe 1 2014/201"]
[Date "2015.03.01"]
[Round "7.8"]
[White "Rumpf, Thomas"]
[Black "Garweg, Udo"]
[Result "1/2-1/2"]
[WhiteElo "2028"]
[BlackElo "1942"]
[PlyCount "46"]
[EventDate "2015.??.??"]
[WhiteTeam "SC Hansa Dortmund 2"]
[BlackTeam "SG Ennepe-Ruhr-Süd 1"]

1. e4 e5 2. Nf3 d6 3. d4 Nf6 4. dxe5 Nxe4 5. Bc4 c6 6. Nbd2 Nxd2 7. Bxd2 d5 8.
Bd3 Be7 9. O-O O-O 10. h3 c5 11. c4 Be6 12. Qc2 h6 13. cxd5 Bxd5 14. Bh7+ Kh8
15. Be4 Nc6 16. Rad1 Bxe4 17. Qxe4 Qc8 18. Bc3 Qe6 19. b3 Rad8 20. Rfe1 Rxd1
21. Rxd1 Rd8 22. Rxd8+ Bxd8 23. Nd2 b6 1/2-1/2

[Event "SV Erkenschwick 1 - Elberfelder SG 1"]
[Site "NRW-Klasse, Gruppe 1 2014/201"]
[Date "2015.03.01"]
[Round "7.1"]
[White "Odendahl, Reiner"]
[Black "Jens, Jelmer"]
[Result "1/2-1/2"]
[WhiteElo "2265"]
[BlackElo "2342"]
[PlyCount "40"]
[EventDate "2015.??.??"]
[WhiteTeam "Elberfelder SG 1"]
[BlackTeam "SV Erkenschwick 1"]

1. c4 f5 2. g3 Nf6 3. Bg2 g6 4. b3 e5 5. Bb2 d6 6. e3 Bg7 7. Ne2 O-O 8. Nbc3 c6
9. O-O d5 10. cxd5 cxd5 11. b4 Be6 12. Rc1 Nbd7 13. Na4 Bf7 14. Nc5 Nxc5 15.
Rxc5 Ne4 16. Rc2 Qd6 17. d3 Nf6 18. Qa1 Nd7 19. Bc3 Rfe8 20. Rfc1 Re7 1/2-1/2

[Event "SV Erkenschwick 1 - Elberfelder SG 1"]
[Site "NRW-Klasse, Gruppe 1 2014/201"]
[Date "2015.03.01"]
[Round "7.3"]
[White "Hintze, Helge"]
[Black "Van Beek, Alexander"]
[Result "1/2-1/2"]
[WhiteElo "2231"]
[BlackElo "2336"]
[PlyCount "86"]
[EventDate "2015.??.??"]
[WhiteTeam "Elberfelder SG 1"]
[BlackTeam "SV Erkenschwick 1"]

1. Nf3 f5 2. d4 Nf6 3. g3 e6 4. Bg2 Be7 5. O-O O-O 6. c4 d6 7. Nc3 Ne4 8. Qc2
Nxc3 9. Qxc3 Bf6 10. Qc2 e5 11. e3 Nc6 12. d5 Ne7 13. Bd2 Qe8 14. Bc3 Qh5 15.
Nd2 f4 16. Qd1 Qh6 17. Qe2 g5 18. g4 Ng6 19. h3 Nh4 20. Be4 Be7 21. f3 Bd7 22.
Rf2 Rf6 23. Nf1 Raf8 24. Rc1 Be8 25. exf4 Rxf4 26. Bd2 R4f7 27. Rc3 Qg7 28. Ng3
a5 29. Rb3 b6 30. Rc3 Rf6 31. Qe3 h6 32. Kh2 Bg6 33. Qe2 Qh7 34. Bxg6 Qxg6 35.
Ne4 R6f7 36. b3 h5 37. Ng3 hxg4 38. hxg4 Qb1 39. Bc1 Qh7 40. Kg1 Qb1 41. Kh2
Qh7 42. Kg1 Qb1 43. Kh2 Qh7 1/2-1/2

[Event "SV Erkenschwick 1 - Elberfelder SG 1"]
[Site "NRW-Klasse, Gruppe 1 2014/201"]
[Date "2015.03.01"]
[Round "7.4"]
[White "Erwich, Frank"]
[Black "Noetzel, Frank"]
[Result "1-0"]
[WhiteElo "2290"]
[BlackElo "2166"]
[PlyCount "53"]
[EventDate "2015.??.??"]
[WhiteTeam "SV Erkenschwick 1"]
[BlackTeam "Elberfelder SG 1"]

1. e4 e5 2. Nf3 Nc6 3. d4 exd4 4. Nxd4 g6 5. Nc3 Bg7 6. Be3 Nf6 7. Nxc6 bxc6 8.
e5 Ng8 9. f4 d6 10. Qf3 Ne7 11. Bc4 O-O 12. O-O-O Be6 13. Bxe6 fxe6 14. Qh3 Nf5
15. Bf2 Qb8 16. Ne4 Qb4 17. Rhe1 Rab8 18. b3 Qa3+ 19. Kb1 h6 20. g4 Ne7 21.
Nf6+ Kf7 22. f5 dxe5 23. fxg6+ Kxf6 24. Qh5 Nxg6 25. Rf1 Ke7 26. Qxg6 Bf6 27.
Bh4 1-0

[Event "SV Erkenschwick 1 - Elberfelder SG 1"]
[Site "NRW-Klasse, Gruppe 1 2014/201"]
[Date "2015.03.01"]
[Round "7.5"]
[White "Kesseler, Heiko"]
[Black "Homs, Guust"]
[Result "1/2-1/2"]
[WhiteElo "1991"]
[BlackElo "2162"]
[PlyCount "58"]
[EventDate "2015.??.??"]
[WhiteTeam "Elberfelder SG 1"]
[BlackTeam "SV Erkenschwick 1"]

1. e4 e5 2. Nf3 Nc6 3. Bc4 Bc5 4. d3 Nf6 5. Nc3 d6 6. Nd5 Nxd5 7. Bxd5 Qf6 8.
c3 h6 9. b4 Bb6 10. Be3 Ne7 11. Bb3 c6 12. a4 O-O 13. O-O Ng6 14. a5 Bc7 15.
Ne1 Be6 16. Bxe6 Qxe6 17. g3 a6 18. Ng2 d5 19. Bc5 Bd6 20. Bxd6 Qxd6 21. Ne3
Ne7 22. Qg4 Rad8 23. Rad1 d4 24. Nc4 Qf6 25. cxd4 Rxd4 26. f4 exf4 27. Rxf4 Qg6
28. Qf3 Qe6 29. Rf1 Ng6 1/2-1/2

[Event "SV Erkenschwick 1 - Elberfelder SG 1"]
[Site "NRW-Klasse, Gruppe 1 2014/201"]
[Date "2015.03.01"]
[Round "7.6"]
[White "Krings, Christoph"]
[Black "Kuehne, Marco"]
[Result "0-1"]
[WhiteElo "2109"]
[BlackElo "2005"]
[PlyCount "72"]
[EventDate "2015.??.??"]
[WhiteTeam "SV Erkenschwick 1"]
[BlackTeam "Elberfelder SG 1"]

1. d4 Nf6 2. Nf3 d5 3. g3 Bf5 4. Bg2 e6 5. O-O Bd6 6. c4 c6 7. Nc3 Nbd7 8. Nd2
O-O 9. e4 dxe4 10. Ndxe4 Nxe4 11. Nxe4 Be7 12. Be3 Nf6 13. Nc3 Qd7 14. Qe2 Ng4
15. Rad1 Nxe3 16. fxe3 Qc7 17. Kh1 Bg6 18. e4 e5 19. d5 Bc5 20. h4 h6 21. Qd2
Rad8 22. a3 Qc8 23. b4 Bd4 24. Ne2 c5 25. Nxd4 cxd4 26. c5 Qg4 27. Qd3 Rxd5 28.
Qf3 Qxf3 29. Bxf3 Rd7 30. Rd3 f5 31. exf5 Bxf5 32. Rdd1 e4 33. Bg2 e3 34. Rfe1
Bc2 35. c6 bxc6 36. Bxc6 Rd6 0-1

[Event "SV Erkenschwick 1 - Elberfelder SG 1"]
[Site "NRW-Klasse, Gruppe 1 2014/201"]
[Date "2015.03.01"]
[Round "7.7"]
[White "Bachmann, David"]
[Black "Eggenstein, Frank"]
[Result "1/2-1/2"]
[WhiteElo "1926"]
[BlackElo "1925"]
[PlyCount "20"]
[EventDate "2015.??.??"]
[WhiteTeam "Elberfelder SG 1"]
[BlackTeam "SV Erkenschwick 1"]

1. d4 Nf6 2. Nf3 g6 3. g3 Bg7 4. Bg2 d6 5. O-O O-O 6. a4 a5 7. Re1 Nc6 8. e4 e5
9. dxe5 dxe5 10. Qxd8 Rxd8 1/2-1/2

[Event "SV Erkenschwick 1 - Elberfelder SG 1"]
[Site "NRW-Klasse, Gruppe 1 2014/201"]
[Date "2015.03.01"]
[Round "7.8"]
[White "Strozewski, Frank"]
[Black "Fuchs, Thomas"]
[Result "1/2-1/2"]
[WhiteElo "1941"]
[BlackElo "1958"]
[PlyCount "43"]
[EventDate "2015.??.??"]
[WhiteTeam "SV Erkenschwick 1"]
[BlackTeam "Elberfelder SG 1"]

1. c4 g6 2. Nc3 Bg7 3. d4 Nf6 4. e4 d6 5. Be2 O-O 6. g4 e5 7. d5 Ne8 8. h4 f5
9. gxf5 gxf5 10. Nf3 Nd7 11. Bg5 Ndf6 12. Rg1 Kh8 13. h5 h6 14. Bh4 Qd7 15. Nh2
fxe4 16. Ng4 Qf5 17. Nxf6 Nxf6 18. Rg6 Bd7 19. Qd2 Be8 20. Bxf6 Rxf6 21. Rxf6
Qxf6 22. Nxe4 1/2-1/2

[Event "Oberhausener SV 1 - SV Letmathe 1"]
[Site "NRW-Klasse, Gruppe 1 2014/201"]
[Date "2015.03.01"]
[Round "7"]
[White "Podzielny, Karl-Heinz"]
[Black "Hort, Vlastimil"]
[Result "1/2-1/2"]
[WhiteElo "2423"]
[BlackElo "2391"]
[PlyCount "27"]
[EventDate "2015.??.??"]
[WhiteTeam "SV Letmathe 1"]
[BlackTeam "Oberhausener SV 1"]

1. c4 e6 2. Nf3 Nf6 3. b3 b6 4. Bb2 Bb7 5. e3 c5 6. Be2 Be7 7. Rg1 h5 8. h4 Nc6
9. Nc3 a6 10. Rc1 Rc8 11. a3 d6 12. d4 cxd4 13. Nxd4 Ne5 14. Nf3 1/2-1/2